00337pab a2200097 454500008003600000100002100036245009700057650002500154700002700179773003300206180718b xxu||||| |||| 00| 0 eng d aBishop, Peter C. aImplementing the Americans with disabilities act of 1990: assessing the variables of success aHandicapped - U.S.A. aJones, ugustus J., Jr. aPublic Administration Review